A Dunántúl germán leletei archaeológiai pályamunka : "Nihil sum, sed studeo" - jelige /

Elmentve itt :
Bibliográfiai részletek
Szerző: Török Gyula
Dokumentumtípus: Kézirat
Megjelent: 1934
Kulcsszavak:Régészet - leletek - germán, Dunántúl
Tárgyszavak:
Online Access:http://misc.bibl.u-szeged.hu/55828
LEADER 00694ntm a2200181 i 4500
001 misc55828
005 20200511093827.0
008 200511s1934 hu o 0|| hun d
040 |a SZTE Miscellanea Repozitórium  |b hun 
041 |a hun 
100 1 |a Török Gyula 
245 1 2 |a A Dunántúl germán leletei   |h [elektronikus dokumentum] :  |b archaeológiai pályamunka : "Nihil sum, sed studeo" - jelige /  |c  Török Gyula 
260 |c 1934 
300 |a 94, 2 lev. + 7 t. 
650 4 |a Bölcsészettudományok 
650 4 |a Történettudomány és régészet 
695 |a Régészet - leletek - germán, Dunántúl 
856 4 0 |u http://misc.bibl.u-szeged.hu/55828/1/misc_1934_torok_gyula.pdf  |z Dokumentum-elérés